| 000 | 00645cam a2200181 4500 | ||
|---|---|---|---|
| 001 | X123514 | ||
| 008 | 030909n2000 000 0 eng u | ||
| 035 | _a(Sirsi) u123514 | ||
| 100 | _aAnstey, J. | ||
| 245 | _aValuation of rights of light | ||
| 260 | _c2000 | ||
| 490 |
_aStructural Survey _v 18(5) 2000, 246-248(3) |
||
| 520 | _aDiscusses methods for valuing the loss of rights to light. Comments that the valuation of the loss in residential property is more complex than for commercial property. Refers to case law. | ||
| 650 |
_aRights of light _96267 |
||
| 650 |
_aValuation _96273 |
||
| 690 |
_aBoundary disputes _96221 |
||
| 942 | _n0 | ||
| 999 |
_c73367 _d73367 |
||